00426nam a2200121Ia 45000010005000000080041000050820019000461000119000652450054001842600024002389010027002629990015002892796241024s9999 xx 000 0 und d aRD/551.5/R426i aRepública Dominicana. Ministerio de Educación. Dirección General de Mantenimiento de Infraestructura Escolar 0aInforme General Centros afectados, Tormenta Sandy bSanto Domingoc2012 a11/2/2013 2:37:19 p.m. c8182d8182